| 000 | 00726nam a22002177a 4500 | ||
|---|---|---|---|
| 999 |
_c19117 _d19117 |
||
| 003 | AR-CdUCM | ||
| 008 | 190516b ||||| |||| 00| 0 spa d | ||
| 040 |
_aMUNICIPALIDAD PROVINCIAL DEL CUSCO _cBIBLIOTECA MUNICIPAL DEL CUSCO |
||
| 082 |
_a189 / _bG45 |
||
| 100 |
_aGilson, Etienne _940258 |
||
| 245 |
_aLa filosofia en la edad media : _bSiglos XIII y XIV / |
||
| 260 |
_aMadrid : _bBiblioteca Hispanica de Filosofia, _c1952. |
||
| 300 |
_a501 paginas ; _bIlustraciones, graficos, dibujos, _c20 cm. |
||
| 500 | _aTodo sobre la filosofia | ||
| 650 |
_aFilosofia _9395 |
||
| 650 |
_aLogica _92358 |
||
| 650 |
_aHistoria _9136 |
||
| 700 |
_aGonzales Alvarez, Angel _940259 |
||
| 942 |
_2ddc _cLIBROS |
||
| 945 |
_apjha _d2019-05-16 |
||